000 00525nam a2200181Ia 4500
005 20250326143850.0
008 250326s9999 xx 000 0 und d
037 _aTextbook
040 _aFMSL
_beng
_cFMSL
041 _aeng
_2eng
084 _aB28obT L9
_qFMSL
100 _aGerrett H E
_9748642
245 0 _aStatistics: Psychology and education
_cGerrett H E
260 _aBombay Vakils
_bBombay Vakils, Feffer and Simons
_c1979
300 _a491p
942 _cTB
_hB28obT L9
999 _c1301395
_d1301395